| 000 | 00614nam a22001817a 4500 | ||
|---|---|---|---|
| 003 | CEME | ||
| 005 | 20210628204031.0 | ||
| 008 | 210113b xxu||||| |||| 00| 0 eng d | ||
| 020 | _a9780199063819 | ||
| 040 | _cceme | ||
| 082 | _a958.1 KHA | ||
| 100 |
_aKhan, Riaz Mohammad _968353 |
||
| 245 | _aAfghanistan and pakistan , conflict, extremism, and resistance to modernity | ||
| 260 |
_aPAKISTAN _bOXFORD UNIVERSITY PRESS _c2011 |
||
| 300 | _aX, 385P | ||
| 650 |
_aAFGHANISTAN CONFLICT, EXTREMISM, AND RESISTANCE TO MODERNITY.PAKISTAN CONFLICT, EXTREMISM, AND RESISTANCE TO MODERNITY _968354 |
||
| 942 |
_cBK _2ddc |
||
| 999 |
_c575955 _d575955 |
||